000 00665nam a2200205 i 4500
001 115448
003 ES-MaACL
005 20250825062558.0
007 t|
008 070308s1928 sp ||||1| spa d
100 1 _aAraquistáin, Luis,
_d1886-1959
_922345
245 1 3 _aEl rodeo
_b: drama en tres actos /
_cLuis Araquistáin.
260 _aMadrid :
_bPrensa Moderna,
_c1928.
300 _a72 p. ;
_c17 cm.
490 1 _aEl Teatro moderno ;
_v170
500 _aEstrenóse en el Teatro de la Latina, de Madrid, el día 19 de mayo de 1925.
830 0 3 _aEl teatro moderno (Prensa Moderna)
_v170
_9182365
852 _aES-MaACL
_jC-13062
999 _c115448
_d115448